000 00332nam a2200145Ia 4500
008 150201s1997 xx 000 0 und d
082 _a617.41
_bA97G
100 _aGRAUER , KEN
245 _aARRHYTHMIA INTERPERTATION
250 _a1ST
260 _bMOSBY
_aDELHI
_c1997
300 _a366
650 _aNURSING
942 _2ddc
_cBK
_01
999 _c1852
_d1852